[Event "Budapest FS06 IM"]
[Site "Budapest"]
[Date "1993.??.??"]
[Round "1"]
[White "Berend, Fred"]
[Black "Farago, Sandor"]
[Result "1/2-1/2"]
[WhiteElo "2305"]
[BlackElo "2340"]

1.e4 c5 2.Nf3 d6 3.Bb5+ Nd7 4.O-O a6 5.Bxd7+ Bxd7 6.d4 cxd4 7.Qxd4 Rc8 8.Nc3 e6
9.Bg5 Qc7 10.Rad1 f6 11.Bh4 Nh6 12.Nd2 Nf7 13.Bg3 Be7 14.Rfe1 O-O 15.Nf1 b5
16.Ne3 Qc5 17.Ne2 Rfd8 18.c3 Ne5 19.Rd2 Be8 20.Red1 Bh5 21.Qxc5 dxc5 22.Kf1 Rxd2
23.Rxd2 Nc6 24.Ke1 Be8 25.Bd6 Kf7 26.h4 c4 27.Bxe7 Kxe7 28.f4 Bg6 29.f5 exf5
30.exf5 Bf7 31.Nf4 Ne5 32.Ned5+ Kf8 33.Nb6 Re8 34.Kd1 Ke7 35.Kc2 g6 36.Nbd5+ Bxd5
37.Nxd5+ Kf7 38.Nc7 Re7 39.Nxa6 gxf5 40.Nb4 Ng4 41.b3 Re1 42.Kb2 Ne3 43.Nc2 Rd1
44.Re2 Nd5 45.Rf2 f4 46.Na3 b4 47.cxb4 cxb3 48.Kxb3 Ke6 49.Re2+ Kd7 50.Nc2 Kd6
51.Kb2 Rd3 52.a4 Nc3 53.Re8 Nxa4+ 54.Kc1 Rg3 55.Ne1 Nc3 56.Kd2 Nd5 57.Rd8+ Ke6
58.b5 Ne3 59.Rh8 Rg7 60.Ke2 Kf5 61.Rc8 Kg4 62.Rc3 Kxh4 63.Rb3 Kg4 64.Nd3 Nd5
65.Kf2 Rb7 66.Nc5 Rc7 67.Ne4 f5 68.Nd2 Rc2 69.Ke1 Nb6 70.Kd1 Rc5 71.Ke2 h5
72.Kf1 h4 73.Kg1 Rc1+ 74.Kh2 Rc2 75.Rd3 Rb2 76.Rd8 Rxb5 77.Nf3 Kh5 78.Rh8+ Kg6
79.Nxh4+ Kg7 80.Rb8 Kf6 81.Rf8+ Ke6 82.Nf3 Rd5 83.Rh8 Nc4 84.Rh6+ Ke7 85.Rh4 Ne3
86.Rxf4 Ng4+ 87.Kg3 Nf6 88.Rd4 Ra5 89.Kf4 Nh5+ 90.Kg5 Ng3 91.Rb4 Ra2 92.Nh4 Ke6
93.Rb6+ Ke5 94.Rb5+ Ke6 95.Rb6+ Ke5 96.Ng6+ Ke4 97.Re6+ Kd4 98.Nh4 Rf2  1/2-1/2

[Event "Budapest FS11 IM-B"]
[Site "Budapest"]
[Date "1993.??.??"]
[Round "4"]
[White "Pavasovic, Dusko"]
[Black "Schneider, Attila"]
[Result "1/2-1/2"]
[WhiteElo "2295"]
[BlackElo "2390"]

1.e4 c5 2.Nf3 d6 3.Bb5+ Bd7 4.Bxd7+ Qxd7 5.O-O Nc6 6.c3 Nf6 7.Qe2 e6 8.d4 cxd4
9.Bg5 d3 10.Qxd3 Be7 11.Rd1 Rd8 12.Na3 O-O 13.Nb5 a6 14.Bxf6 Bxf6 15.Nxd6 Qe7
16.c4 Bxb2 17.Rab1 Bd4 18.e5 Bxe5 19.c5 b5  1/2-1/2

[Event "Spring op"]
[Site "Budapest"]
[Date "1993.??.??"]
[Round "4"]
[White "Orgovan, Sandor"]
[Black "Nikuljshin, Konstantin"]
[Result "0-1"]
[WhiteElo "2330"]
[BlackElo "2415"]

1.e4 c5 2.Nf3 d6 3.Bb5+ Bd7 4.Bxd7+ Qxd7 5.O-O Nc6 6.c3 Nf6 7.d4 Nxe4 8.d5 Ne5
9.Re1 Nf6 10.Nxe5 dxe5 11.Rxe5 O-O-O 12.c4 e6 13.Nc3 Bd6 14.Re1 exd5 15.cxd5 Qf5
16.h3 Rhe8 17.Be3 Qe5 18.f4 Qf5 19.Qf3 h5 20.Rac1 Kb8 21.a3 a6 22.Red1 g5
23.fxg5 Qxf3 24.gxf3 Rxe3 25.Kf2 Rxc3 26.Rxc3 Nd7 27.h4 Be5 28.Rc2 Kc7 29.b4 Kd6
30.Rc4 Bd4+ 31.Rcxd4 cxd4 32.Rxd4 Nb6 33.Rf4 Ke7 34.Rf6 Rd6 35.Rh6 Rxh6 36.gxh6 Kf6
37.d6 Kg6 38.Ke3 Kxh6 39.Ke4 Kg6  0-1

[Event "Budapest FS12 IM-B"]
[Site "Budapest"]
[Date "1993.??.??"]
[Round "5"]
[White "Kennaugh, Charles"]
[Black "Velvart, Peterne"]
[Result "1/2-1/2"]
[WhiteElo "2280"]
[BlackElo "2155"]

1.e4 c5 2.Nf3 d6 3.Bb5+ Bd7 4.Bxd7+ Qxd7 5.O-O g6 6.d4 cxd4 7.Nxd4 Nf6 8.f3 Bg7
9.c4 O-O 10.Nc3 Nc6 11.Be3 Rac8 12.b3 Rfd8 13.Qd2 b6 14.Rfd1 Qb7 15.Rac1 Nd7
16.Nxc6 Rxc6 17.h4 h5 18.Bg5 Re8 19.Nd5 Ne5 20.a4 Kh7 21.Rf1 a6 22.Qe2 a5
23.Rcd1 Qd7 24.Qf2 Qb7 25.Rfe1 Kg8 26.Qg3 Kh7 27.Rd2 Kg8 28.Kh1 Kh7 29.Qf2 Kg8
30.Red1 Kh7 31.Rf1 Kg8 32.Rg1 Kh7 33.Qe3 Rc5 34.Qf2 Rc6 35.g4 Qd7 36.Qg3 hxg4
37.fxg4 f6 38.Be3 e6 39.Nf4 Nxc4 40.bxc4 Rxc4 41.g5 f5 42.h5 Be5 43.hxg6+ Kg8
44.exf5 exf5 45.Qf3 Re4 46.Rh2 Rxe3 47.Qxe3 Qc6+ 48.Ng2 Bxh2 49.Qb3+ d5 50.Kxh2 Kg7
51.Nf4 Qd6 52.Qg3 Qb4 53.Nh3 Kxg6 54.Qd3 Rh8 55.Qe3 Qd6+ 56.Rg3 d4 57.Qd3 Rc8
58.Qf1 Rc2+ 59.Nf2 Qf4 60.Kg2 Qe4+ 61.Kg1 Qf4 62.Qg2 Rc1+ 63.Kh2 Rc2 64.Kg1 Qc1+
65.Qf1 Qf4 66.Qg2 Rc1+ 67.Kh2 Rc2  1/2-1/2

[Event "Budapest FS11 IM-A"]
[Site "Budapest"]
[Date "1993.??.??"]
[Round "6"]
[White "Vujosevic, Vladimir"]
[Black "Szalanczy, Emil"]
[Result "1-0"]
[WhiteElo "2355"]
[BlackElo "2360"]

1.e4 c5 2.Nf3 d6 3.Bb5+ Nc6 4.O-O Bd7 5.c3 a6 6.Ba4 b5 7.Bc2 Bg4 8.h3 Bxf3
9.Qxf3 Nf6 10.a4 b4 11.a5 Nd7 12.Ba4 Rc8 13.Bxc6 Rxc6 14.cxb4 e6 15.bxc5 Rxc5
16.b4 Rb5 17.Ba3 Be7 18.Nc3 Rg5 19.Qe2 Qa8 20.f4 Rg6 21.b5 axb5 22.Qxb5 Qa7+
23.Kh1 O-O 24.a6 Rb8 25.Qa4 Ra8 26.Bb4 Bf8 27.Nb5 Qb6 28.a7 Nf6 29.Qa6 Qd8
30.Qa5 Qd7 31.d3 Ne8 32.Rac1 Rg3 33.Nc7 Nxc7 34.Rxc7 Qd8 35.Rfc1 Qh4 36.Be1 Rxh3+
37.gxh3 Qxh3+ 38.Kg1 Qg4+ 39.Kf1 Qf3+ 40.Bf2 Qxd3+ 41.Kg1 Qxe4 42.R7c4 Qf3
43.Qc3 Qg4+ 44.Qg3 Qxg3+ 45.Bxg3 Rxa7 46.Rc8 f6 47.Bf2 Rd7 48.R1c7 Rxc7 49.Rxc7 e5
50.Kg2 f5 51.fxe5 dxe5 52.Bc5 Bxc5 53.Rxc5 Kf7 54.Rxe5 Kf6 55.Ra5 h6 56.Ra6+ Kg5
57.Kg3 g6 58.Rb6 h5 59.Ra6 h4+ 60.Kh3 Kh5  1-0

[Event "Spring op"]
[Site "Budapest"]
[Date "1993.??.??"]
[Round "6"]
[White "Lakos, Nikoletta"]
[Black "Orgovan, Sandor"]
[Result "0-1"]
[WhiteElo "2215"]
[BlackElo "2330"]

1.e4 c5 2.Nf3 d6 3.Bb5+ Bd7 4.Bxd7+ Qxd7 5.O-O e6 6.c3 Nf6 7.Re1 Nc6 8.d4 cxd4
9.cxd4 d5 10.e5 Ne4 11.Nc3 Nxc3 12.bxc3 Be7 13.Re3 Na5 14.Ne1 g6 15.Rh3 Rc8
16.Bh6 Rg8 17.Qd2 g5 18.Rh5 Nc4 19.Qc1 f6 20.Nd3 fxe5 21.dxe5 d4 22.Bxg5 dxc3
23.Bxe7 Qxd3 24.Bf6 c2 25.h3 Nd2 26.Rg5 Rxg5 27.Bxg5 Ne4 28.Be3 Nc3 29.Qf1 Qd1
30.Kh2 Qxf1 31.Rxf1 Nxa2 32.Bc1 Nxc1 33.Rxc1 b5  0-1

[Event "Budapest zt-A"]
[Site "Budapest"]
[Date "1993.??.??"]
[Round "6"]
[White "Gdanski, Jacek"]
[Black "Sax, Gyula"]
[Result "1-0"]
[WhiteElo "2480"]
[BlackElo "2570"]

1.e4 c5 2.Nf3 d6 3.Bb5+ Bd7 4.Bxd7+ Nxd7 5.O-O Ngf6 6.Re1 g6 7.c3 Bg7 8.d4 O-O
9.h3 e6 10.Nbd2 Qc7 11.b3 Rfd8 12.Bb2 Rac8 13.Qe2 Bh6 14.c4 cxd4 15.Bxd4 a6
16.Nf1 Bg7 17.Rad1 e5 18.Bb2 Nc5 19.N3d2 Qa5 20.a3 Ne6 21.b4 Qa4 22.Ne3 b5
23.Rc1 Nf4 24.Qf1 Bh6 25.g3 Ne6 26.Qd3 bxc4 27.Rxc4 Qb5 28.a4 Qxa4 29.Rxc8 Rxc8
30.Qxd6 Rd8 31.Qxe5 Bg7 32.Ra1 Qe8 33.Ndc4 Ng4 34.Qa5 Bxb2 35.Nxg4 Bxa1 36.Qxa1 Qb5
37.Nf6+ Kf8 38.Nxh7+ Kg8 39.Nf6+ Kf8 40.Nh7+ Kg8 41.Nf6+ Kf8 42.Nd5 Rxd5
43.exd5 Qxc4 44.dxe6 Qxe6 45.Qh8+ Ke7 46.Qd4 Kf8 47.h4 Kg8 48.Kh2 Qc6 49.Kh3 Qf3
50.Qc5 Kg7 51.Kh2 Qe4 52.Qc3+ Kg8 53.Kg1 Qe2 54.Qd4 Kf8 55.Kg2 Kg8 56.g4 Qe7
57.h5 gxh5 58.gxh5 Qg5+ 59.Kf3 Qf5+ 60.Qf4 Qd5+ 61.Kg4 Qg2+ 62.Qg3 Qd5 63.Kh4+ Kh7
64.Qf4 Qd8+ 65.Kg4 Qd1+ 66.Kg5 Qd8+ 67.Kg4 Qd1+ 68.f3 Kg7 69.h6+ Kh7 70.Qxf7+ Kxh6
71.Qf6+ Kh7 72.Qf5+ Kg7 73.Qc5 Qe2 74.Qd4+ Kf7 75.Qe4 Qd1 76.Qb7+ Kf8 77.Kf5 Qd6
78.Ke4 Ke8 79.Qc8+ Ke7 80.Qc3 Qg6+ 81.Ke3 Qg1+ 82.Kf4 Qh2+ 83.Ke4 Qh7+ 84.Ke3 Qh6+
85.Ke2 Qh2+ 86.Kd1 Qa2 87.Qe1+ Kf7 88.Qd2 Qc4 89.Qd7+ Kf6 90.Qd6+ Kf7 91.Kd2 Ke8
92.Qg6+ Kf8 93.Qf5+  1-0

[Event "Budapest FS12 IM-B"]
[Site "Budapest"]
[Date "1993.??.??"]
[Round "7"]
[White "Mortazavi, Kazen"]
[Black "Kotsur, Pavel"]
[Result "0-1"]
[WhiteElo "2230"]
[BlackElo "2425"]

1.e4 c5 2.Nf3 d6 3.Bb5+ Bd7 4.Bxd7+ Qxd7 5.O-O Nc6 6.c3 Nf6 7.Re1 e6 8.d4 cxd4
9.cxd4 d5 10.exd5 Nxd5 11.Nc3 Be7 12.Ne5 Nxe5 13.Nxd5 Nc6 14.Nxe7 Nxe7 15.Be3 O-O
16.Qb3 Qd5 17.Qb4 Qd7 18.Rac1 Rac8 19.Qa3 a6 20.Rc5 Rc6 21.Rec1 Rfc8 22.h3 Nd5
23.Bd2 Nf6 24.Rxc6 Rxc6 25.Rxc6 Qxc6 26.Qg3 Qc8 27.Bh6 Qf8 28.Bf4 Nd5 29.Bd2 Qc8
30.Bh6 Qf8 31.Bd2 b6 32.a3 Kh8 33.h4 h6 34.Qe5 Qc8 35.Be3 Kg8 36.Qg3 Qc7
37.Qxc7 Nxc7 38.Kf1 Nd5 39.Ke2 Kf8 40.Kd3 Ke7 41.Bd2 Kd6 42.g3 Kc6 43.Kc4 h5
44.Bg5 f6 45.Bd2 Ne7 46.a4 Nf5 47.Bb4 g5 48.hxg5 fxg5 49.g4 h4 50.gxf5 exf5
51.f4 h3  0-1

[Event "Budapest FS11 IM-B"]
[Site "Budapest"]
[Date "1993.??.??"]
[Round "8"]
[White "Blasovszky, Istvan"]
[Black "Kahn, Evarth"]
[Result "0-1"]
[WhiteElo "2230"]
[BlackElo "2390"]

1.e4 c5 2.Nf3 d6 3.Bb5+ Nd7 4.c3 g6 5.O-O Nf6 6.Re1 Bg7 7.d4 O-O 8.a4 a6
9.Bd3 b6 10.Na3 e5 11.Nc4 Qc7 12.d5 Re8 13.Bg5 h6 14.Bh4 Bb7 15.Ne3 c4 16.Bc2 b5
17.Nd2 Nc5 18.Bxf6 Bxf6 19.Ng4 Bg7 20.Qf3 Qe7 21.Ne3 Rf8 22.axb5 axb5 23.Qg3 Rxa1
24.Rxa1 Ra8 25.Rxa8+ Bxa8 26.h4 Qa7 27.h5 Qa1+ 28.Kh2 g5 29.Qg4 Bb7 30.Nf5 Bf8
31.Nf3 Qc1 32.Ne3 Be7 33.Nf5 Qxc2 34.Nxe7+ Kf8 35.Nf5 Qxe4 36.Nxh6 Qxg4 37.Nxg4 Ne4
38.Ne3 f6 39.Kg1 Bc8 40.Nh2 f5 41.f3 Nc5 42.g4 Nd3 43.gxf5 Nxb2 44.Nhg4 Na4
45.h6 Nxc3 46.Kf2 Kf7 47.h7 Kg7 48.Nf6 Bb7 49.Kg3 b4 50.Kg4 b3 51.Nxc4 Nxd5
52.Ne8+ Kxh7 53.Nexd6 Ne3+ 54.Kxg5 Nxc4 55.Nxc4 Bxf3 56.Nb2 Bd5 57.Na4 Bc6
58.Nb2 Bb5 59.f6 e4 60.Kf4 Bd3 61.Ke3 Bc2 62.Kd2 Kg6 63.Nc4 Kxf6 64.Ne3 Ke5
65.Nxc2 bxc2 66.Kxc2 Kf4  0-1

[Event "Budapest FS11 IM-B"]
[Site "Budapest"]
[Date "1993.??.??"]
[Round "8"]
[White "Pavasovic, Dusko"]
[Black "Pigott, John C"]
[Result "1/2-1/2"]
[WhiteElo "2295"]
[BlackElo "2380"]

1.e4 c5 2.Nf3 d6 3.Bb5+ Bd7 4.Bxd7+ Nxd7 5.O-O Ngf6 6.Qe2 e6 7.c3 Be7 8.d4 cxd4
9.cxd4 d5 10.e5 Ne4 11.Ne1 Qb6 12.Nc3 f6 13.f3  1/2-1/2

[Event "Budapest zt-A"]
[Site "Budapest"]
[Date "1993.??.??"]
[Round "9"]
[White "Rasik, Vitezslav"]
[Black "Georgiev, Kiril"]
[Result "1/2-1/2"]
[WhiteElo "2405"]
[BlackElo "2660"]

1.e4 c5 2.Nf3 d6 3.Bb5+ Bd7 4.Bxd7+ Qxd7 5.O-O e6 6.c3 Nf6 7.Re1 Nc6 8.d4 cxd4
9.cxd4 d5 10.e5 Ne4 11.Nbd2 Nxd2 12.Bxd2 Be7 13.Bg5 O-O 14.Bxe7 Nxe7 15.Re3 Rac8
16.Rc1 h6 17.Rec3 Rxc3 18.Rxc3 Rc8 19.Rxc8+ Qxc8 20.Qd2 Qc4 21.b3 Qb5 22.Qc3 Nc6
23.a4 Qe2 24.g3 Qe4 25.Kg2 Kh7 26.h3 g5 27.Qe3 a5 28.g4 Qc2 29.Kg3 Nb4 30.Ne1 Qg6
31.h4 gxh4+ 32.Kxh4 Nc6 33.Nf3 Kg8 34.Qf4 Qd3 35.Qe3 Nb4 36.Qxh6 Qxf3 37.Qg5+  1/2-1/2

[Event "Statistika"]
[Site "Budapest"]
[Date "1993.??.??"]
[Round "11"]
[White "Schebler, Gerhard"]
[Black "Gyorkos, Lajos"]
[Result "1/2-1/2"]
[WhiteElo "2365"]
[BlackElo "2435"]

1.e4 c5 2.Nf3 d6 3.Bb5+ Nd7 4.O-O a6 5.Bxd7+ Bxd7 6.d4 cxd4 7.Qxd4 Bg4 8.Qd3 Nf6
9.h3 Bh5 10.c4 Nd7 11.b3  1/2-1/2

[Event "Budapest FS12 IM-A"]
[Site "Budapest"]
[Date "1993.??.??"]
[Round "13"]
[White "Toh, Terry"]
[Black "Schneider, Attila"]
[Result "0-1"]
[WhiteElo "2300"]
[BlackElo "2390"]

1.e4 c5 2.Nf3 d6 3.Bb5+ Bd7 4.Bxd7+ Qxd7 5.c3 Nf6 6.d3 Nc6 7.O-O e6 8.Nbd2 Be7
9.Qe2 Qc7 10.d4 cxd4 11.cxd4 d5 12.e5 Nd7 13.Nb3 O-O 14.Bg5 Rfc8 15.Rac1 Bxg5
16.Nxg5 h6 17.Nf3 Qb6 18.Qe3 a5 19.Rc3 a4 20.Nbd2 Rc7 21.Rfc1 Qxb2 22.Rb1 Qxa2
23.Qe1 a3 24.Qd1 Rac8 25.Qc1 Nxd4 26.Rxc7 Rxc7 27.Qxc7 Nxf3+ 28.gxf3 Qxb1+
29.Nxb1 a2 30.Nc3 a1=Q+ 31.Kg2 Nf8 32.Nb5 Ng6  0-1

[Event "Buenos Aires FMD tt"]
[Site "Buenos Aires"]
[Date "1993.??.??"]
[Round "2"]
[White "Szmetan, Jorge"]
[Black "Juarez, Carlos Eleodoro"]
[Result "1-0"]
[WhiteElo "2415"]
[BlackElo "2285"]

1.e4 c5 2.Nf3 d6 3.Bb5+ Bd7 4.Bxd7+ Qxd7 5.O-O Nc6 6.c3 g6 7.d4 cxd4 8.cxd4 Bg7
9.Nc3 Nf6 10.d5 Ne5 11.Nxe5 dxe5 12.Qb3 O-O 13.a4 Rfc8 14.a5 Ne8 15.Be3 Nd6
16.Ra4 Rc7 17.Rb4 Qc8 18.Ra1 Bf8 19.h3 Bg7 20.Raa4 Bf6 21.Kh2 Kg7 22.Nb5 Nxb5
23.Rxb5 h6 24.Rab4 Qd8 25.Rxb7 Rxb7 26.Rxb7 a6 27.Qb6 Qc8 28.Bc5  1-0

[Event "Buenos Aires op2"]
[Site "Buenos Aires"]
[Date "1993.??.??"]
[Round "4"]
[White "Dolezal, Cristian"]
[Black "Szmetan, Jorge"]
[Result "0-1"]
[WhiteElo "2255"]
[BlackElo "2420"]

1.e4 c5 2.Nf3 d6 3.Bb5+ Nd7 4.c3 Nf6 5.Qe2 e5 6.O-O Be7 7.d4 O-O 8.Rd1 Qc7
9.dxe5 Nxe5 10.Nbd2 Ng6 11.Nf1 a6 12.Ba4 b5 13.Bc2 Bb7 14.Ng3 Rfe8 15.h4 d5
16.e5 Bf8 17.Re1 Ng4 18.Bd2 N4xe5 19.Ng5 h6 20.h5 Nh4 21.Bf4 Nef3+ 22.Nxf3 Rxe2
23.Nxe2 Nxf3+ 24.gxf3 Bd6 25.Bxd6 Qxd6 26.Ng3 Qf6 27.Kg2 Kf8 28.Rad1 a5 29.Rd2 b4
30.Re3 Re8 31.cxb4 axb4 32.Bd1 Re6 33.b3 Rxe3 34.fxe3 Qc3 35.Nf1 Qe5 36.f4 d4+
37.Kg3 Qe4 38.Rf2 Qh1  0-1

[Event "Buenos Aires GEB op"]
[Site "Buenos Aires"]
[Date "1993.??.??"]
[Round "5"]
[White "Sevillano, Daniel"]
[Black "Celis, Gustavo"]
[Result "1/2-1/2"]
[WhiteElo "2265"]
[BlackElo "2225"]

1.e4 c5 2.Nf3 d6 3.Bb5+ Bd7 4.Bxd7+ Qxd7 5.O-O Nc6 6.c3 Nf6 7.Qe2 e5 8.Rd1 Qg4
9.d3 Be7 10.Nbd2 O-O 11.h3 Qd7 12.Nf1 d5 13.Ng3 Rad8 14.Bg5 h6 15.Bxf6 Bxf6
16.Nf5 Ne7 17.Nxe7+ Qxe7 18.c4 d4 19.Rab1 a6 20.Qd2 b5 21.Qa5 bxc4 22.Qxa6 cxd3
23.Qxd3 Qe6 24.b3 Ra8 25.Rb2 Rfb8 26.Rc1 Be7 27.Nd2 g6 28.Nc4 Kg7 29.Qg3 f6  1/2-1/2

[Event "Buenos Aires op1"]
[Site "Buenos Aires"]
[Date "1993.??.??"]
[Round "6"]
[White "Tempone, Marcelo"]
[Black "Llanos, Guillermo"]
[Result "1-0"]
[WhiteElo "2450"]
[BlackElo "2340"]

1.e4 c5 2.Nf3 d6 3.Bb5+ Nc6 4.O-O Bd7 5.Re1 Nf6 6.c3 a6 7.Bxc6 Bxc6 8.d4 Bxe4
9.Bg5 d5 10.Nbd2 e6 11.Nxe4 dxe4 12.Rxe4 Be7 13.Bxf6 gxf6 14.c4 cxd4 15.Rxd4 Qa5
16.a3 Rd8 17.b4 Rxd4 18.Qxd4 Qd8 19.Rd1 Qxd4 20.Nxd4 O-O 21.Nb3 Rc8 22.Rd7 Kf8
23.c5 Rd8 24.Rxd8+ Bxd8 25.Kf1 Ke7 26.Ke2 Kd7 27.Kd3 Bc7 28.h3 f5 29.Kc4 Be5
30.a4 Bf6 31.b5 axb5+ 32.axb5 e5 33.Kd5 e4 34.Nd4 Bxd4 35.Kxd4  1-0

[Event "Cannes op"]
[Site "Cannes"]
[Date "1993.??.??"]
[Round "1"]
[White "Strausz, Janos"]
[Black "Spraggett, Kevin"]
[Result "0-1"]
[WhiteElo "2305"]
[BlackElo "2565"]

1.e4 c5 2.Nf3 d6 3.Bb5+ Nd7 4.O-O a6 5.Bc4 e6 6.c3 Ngf6 7.Re1 b5 8.Bb3 Bb7
9.Bc2 Rc8 10.d4 cxd4 11.Nxd4 Nc5 12.f3 Be7 13.Be3 O-O 14.Nd2 Qc7 15.Rc1 d5
16.Bf2 Bd6 17.g3 dxe4 18.fxe4 Rfd8 19.Qe2 e5 20.Nf5 Bf8 21.g4 g6 22.Bh4 Qb6
23.Ne3 Rd7 24.Bxf6 Qxf6 25.Rf1 Qd8 26.Rcd1 Ne6 27.Ng2 Nd4 28.cxd4 Rxc2 29.d5 Rxb2
30.Qf3 Rxa2 31.Qh3 Rc7 32.Rf3 Rcc2 33.Rxf7 Qb6+ 34.Kh1 Kxf7 35.Qxh7+ Ke8
36.Rf1 Be7 37.Qf7+ Kd8 38.Qg8+ Kc7 39.Qf7 Qd6  0-1

[Event "Capablanca mem-A"]
[Site "?"]
[Date "1993.??.??"]
[Round "12"]
[White "Aldama, Degurnay"]
[Black "Hernandez, Gilberto"]
[Result "1/2-1/2"]
[WhiteElo "2470"]
[BlackElo "2505"]

1.e4 c5 2.Nf3 d6 3.Bb5+ Bd7 4.Bxd7+ Nxd7 5.O-O Ngf6 6.Re1 e6 7.d4 cxd4 8.Qxd4 Be7
9.c4 a6 10.Nc3 O-O 11.b3 Qc7 12.Bb2 Ne5 13.Qe3 Nxf3+ 14.gxf3  1/2-1/2

[Event "Cappelle op"]
[Site "Cappelle la Grande"]
[Date "1993.??.??"]
[Round "1"]
[White "Fruteau, Sabine"]
[Black "Rytshagov, Mikhail"]
[Result "0-1"]
[WhiteElo "2185"]
[BlackElo "2435"]

1.e4 c5 2.Nf3 d6 3.Bb5+ Bd7 4.Bxd7+ Nxd7 5.O-O Ngf6 6.Qe2 e6 7.c3 Be7 8.d4 cxd4
9.cxd4 d5 10.e5 Ne4 11.Ne1 Rc8 12.Be3 f5 13.exf6 Bxf6 14.f3 Nd6 15.Bf2 Qe7
16.Nd3 Nf5 17.Ne5 O-O 18.Nc3 Bxe5 19.dxe5 Rc4 20.Rfe1 a6 21.Rad1 b5 22.Qd3 Nc5
23.Qd2 Rc8 24.Rc1 Qc7 25.Ne2 Nd7 26.Rxc4 bxc4 27.Nf4 Qc6 28.Qb4 Kf7 29.g4 Ne7
30.Bd4 Nc5 31.Re3 Nd3 32.Nxd3 cxd3 33.Qe1 Qc2 34.Qf1 d2  0-1

[Event "Cappelle op"]
[Site "Cappelle la Grande"]
[Date "1993.??.??"]
[Round "9"]
[White "Ivanov, Alexey"]
[Black "Rytshagov, Mikhail"]
[Result "1/2-1/2"]
[WhiteElo "2505"]
[BlackElo "2435"]

1.e4 c5 2.Nf3 d6 3.Bb5+ Bd7 4.Bxd7+ Qxd7 5.c4 Nf6 6.Nc3 Nc6 7.d4 cxd4 8.Nxd4 g6
9.f3 Nxd4 10.Qxd4 Bg7 11.Be3 O-O 12.Qd3 Rac8 13.Rc1 Qc7 14.b3 Qa5 15.O-O a6
16.Rf2 Rc6 17.Rfc2 Rfc8 18.a4 Qb4 19.Rb1 e6 20.Na2 Qa3 21.Qd2 R6c7 22.Nb4 a5
23.Nd3 d5 24.Bc5 Rxc5 25.Ra2 Bh6 26.Qe2 dxc4 27.Rxa3 cxd3 28.Qxd3 Rc3 29.Qb5 Be3+
30.Kf1 Rc2 31.b4 Rf2+ 32.Kg1 Ba7 33.Qxa5 Rb2+ 34.Qxa7 Rxb1+ 35.Kf2 Rc2+ 36.Ke3 Rxb4
37.g4 Nd7 38.Qa5 Rbb2 39.Qd8+ Nf8 40.Kf4 Rc5 41.h4 h6 42.e5 Rd5 43.Qe8 Kg7
44.g5 hxg5+ 45.hxg5 Rb4+ 46.Kg3 Rbd4 47.Rc3 Rd8 48.Qe7 R4d7 49.Qa3 Nh7 50.f4 Nf8
51.Qb3 Kg8 52.Kg4 Ra8 53.Rc4 Rad8 54.Rc1 Rd4 55.Rh1 Nd7 56.Qb5 Rc8  1/2-1/2

[Event "Cattolica"]
[Site "Cattolica"]
[Date "1993.??.??"]
[Round "8"]
[White "Nurkic, Sahbaz"]
[Black "Kupreichik, Viktor D"]
[Result "1/2-1/2"]
[WhiteElo "2395"]
[BlackElo "2535"]

1.e4 c5 2.Nf3 d6 3.Bb5+ Nc6 4.O-O Bd7 5.Re1 e5 6.c3 Be7 7.d4 Nf6 8.dxc5 dxc5
9.Nbd2 O-O 10.h3 Qc7 11.a4 a6 12.Bc4 Na5 13.Bd5 c4 14.b4 cxb3 15.Nxb3 Nxd5
16.exd5 Qxc3 17.Re3 Qc7 18.Nxa5 Qxa5 19.Nxe5 Bf5 20.Qf3 Bc2 21.Qe2 Qc7 22.Bb2 Bf5
23.Rc1 Qd8 24.g4 Bc8 25.d6 Bxd6 26.Rd1 Qc7 27.Rc1 Qd8 28.Rd1 Qc7 29.Rc1 Qb8
30.Nxf7 Rxf7 31.Re8+ Bf8 32.Be5 Qa7 33.Rcxc8 Rxc8 34.Rxc8 Qb6 35.Qc2 Qe6
36.Bg3 h5 37.Qc4 Qxc4 38.Rxc4 hxg4 39.hxg4 Rd7 40.Kf1 Kf7 41.Ke2 Ke6 42.f4 Kd5
43.Kd3 Bc5 44.Re4 Kc6+ 45.Kc2 Kd5 46.Kd3 b5 47.axb5 axb5 48.Be1 Kc6+ 49.Kc2 Rb7
50.Re6+ Kd5 51.Re5+ Kd6 52.Kb3 Bd4 53.Bb4+ Kc6 54.Re6+ Kd5 55.f5 Rc7 56.Re7 Rc1
57.Rd7+ Ke4 58.Bf8 Kd3 59.Kb4 Rb1+ 60.Ka5 Kc4 61.Rc7+ Kd5 62.Bxg7 Bc5 63.g5 Rf1
64.Kxb5 Bd6 65.Rf7 Rb1+ 66.Ka4 Rb4+ 67.Ka5 Rb3 68.Bf8 Ra3+  1/2-1/2

[Event "Ceske Budejovice op"]
[Site "Ceske Budejovice"]
[Date "1993.??.??"]
[Round "5"]
[White "Hosticka, Frantisek"]
[Black "Jirovsky, Milos"]
[Result "1/2-1/2"]
[WhiteElo "2240"]
[BlackElo "2420"]

1.e4 c5 2.Nf3 d6 3.Bb5+ Bd7 4.Bxd7+ Qxd7 5.c4 Qg4 6.O-O Nc6 7.Nc3 Nf6 8.h3 Qh5
9.d3 e6 10.Ne2 Ne5 11.Nxe5 dxe5 12.Qa4+ Nd7 13.Nc3 Bd6 14.b4 Ke7 15.Nb5 Rhc8
16.Be3 b6 17.Rab1 cxb4 18.Nxd6 Kxd6 19.Rxb4 Ke7 20.f3 f6 21.Qa3 Kd8 22.Rb5 Qe8
23.Rfb1 Qe7 24.Qxe7+ Kxe7 25.Kf2  1/2-1/2

[Event "JUG-chT"]
[Site "Cetinje"]
[Date "1993.??.??"]
[Round "?"]
[White "Nevednichy, Vladislav"]
[Black "Kupreichik, Viktor D"]
[Result "1-0"]
[WhiteElo "2535"]
[BlackElo "2535"]

1.e4 c5 2.Nf3 d6 3.Bb5+ Nc6 4.Bxc6+ bxc6 5.O-O g6 6.Re1 Bg7 7.c3 e5 8.d4 cxd4
9.cxd4 exd4 10.Nxd4 Ne7 11.Nc3 Bd7 12.Bf4 Nc8 13.e5 dxe5 14.Bxe5 O-O 15.Bxg7 Kxg7
16.Qf3 Qb6 17.Rad1 Rb8 18.Qf4 Rb7 19.Nb3 Bf5 20.Rd2 h5 21.Nd4 Bd7 22.h3 Qc7
23.Qf3 Re8 24.Rxe8 Bxe8 25.Re2 Nd6 26.Qf4 Qd8 27.Re6 Nc4 28.Ne4 Qxd4 29.Rxe8 f5
30.Qg5 Kf7 31.Nf6 Rxb2 32.Rh8 Qxf2+ 33.Kh2 Nd2 34.Rh7+ Ke6 35.Re7+ Kd6 36.Rd7+ Kc5
37.Rxd2 Rxd2 38.Ne4+ Kd4 39.Nxf2 Rxf2 40.Qg3 Rxa2 41.Qxg6 Ke5 42.Qxc6 Rd2
43.Qe8+ Kf4 44.Qxh5  1-0

[Event "JUG-chT"]
[Site "Cetinje"]
[Date "1993.??.??"]
[Round "?"]
[White "Ristic, Nenad"]
[Black "Dabetic, Radojica"]
[Result "0-1"]
[WhiteElo "2400"]
[BlackElo "2325"]

1.e4 c5 2.Nf3 d6 3.Bb5+ Bd7 4.Bxd7+ Nxd7 5.O-O Ngf6 6.Qe2 e6 7.c3 Be7 8.d4 O-O
9.e5 Ne8 10.exd6 Nxd6 11.Rd1 cxd4 12.Nxd4 Nf6 13.Na3 Qc8 14.Rd3 Rd8 15.b3 Nde4
16.Nb1 e5 17.Nc2 Rxd3 18.Qxd3 Qf5 19.f3 Rd8 20.Qe2 Bc5+ 21.Be3 Nd2 22.Nba3 e4
23.Nd4 Nxf3+ 24.gxf3 Qg6+ 25.Kh1 Bxa3 26.Rg1 exf3 27.Qf2 Qe4 28.h3 Nd5 29.Bd2 Bc5
30.Re1 Qd3 31.Re5 h6 32.Qe1 f2 33.Qxf2 Qxh3+ 34.Kg1 Bb6 35.Qe2 Nxc3 36.Bxc3 Qxc3
37.Re8+ Rxe8 38.Qxe8+ Kh7 39.Qe4+ g6  0-1

[Event "JUG-chT"]
[Site "Cetinje"]
[Date "1993.??.??"]
[Round "?"]
[White "Micic, Snezana"]
[Black "Jovanovic, Sa"]
[Result "1-0"]
[WhiteElo "2225"]
[BlackElo "2090"]

1.e4 c5 2.Nf3 d6 3.Bb5+ Bd7 4.Bxd7+ Qxd7 5.O-O Nc6 6.c3 Nf6 7.Qe2 e6 8.d4 cxd4
9.cxd4 Be7 10.Nc3 O-O 11.d5 exd5 12.exd5 Nb4 13.Rd1 Rfe8 14.a3 Na6 15.Nd4 Bf8
16.Qf3 Ng4 17.Qh3 Nc7 18.Bf4 Rad8 19.Rac1 Nf6 20.Qf3 a6 21.h3 Be7 22.Be3 g6
23.g4 Rc8 24.a4 Qd8 25.Qg3 Nd7 26.Nb3 Bf6 27.Na5 Nc5 28.Bxc5 dxc5 29.Nxb7 Qd7
30.Nxc5 Qd8 31.d6 Bxc3 32.Rxc3 Re2 33.Qf3  1-0

[Event "Cheliabinsk"]
[Site "Cheliabinsk"]
[Date "1993.??.??"]
[Round "?"]
[White "Ulibin, Mikhail"]
[Black "Kaiumov, Dmitry D"]
[Result "1-0"]
[WhiteElo "2560"]
[BlackElo "2425"]

1.e4 c5 2.Nf3 d6 3.Bb5+ Bd7 4.Bxd7+ Qxd7 5.O-O Nc6 6.c3 Nf6 7.d4 Nxe4 8.d5 Ne5
9.Re1 Nxf3+ 10.Qxf3 Nf6 11.c4 e5 12.dxe6 fxe6 13.Nc3 Be7 14.Bg5 Rd8 15.Rad1 O-O
16.Qe2 e5 17.Bxf6 gxf6 18.f4 Rf7 19.Qf3 Bf8 20.f5 Kh8 21.Rd5 Rc8 22.Red1 Rc6
23.Ne4 b6 24.Qh5 Rg7 25.R1d3 Be7 26.b3 a6 27.a4 Qd8 28.g4 Qb8 29.Kh1 b5 30.axb5 axb5
31.cxb5 Rc8 32.g5 Rcg8 33.Rd1 Rxg5 34.Nxg5 Rxg5 35.Qf3 Qxb5 36.h4 Rg8 37.Rg1 Rxg1+
38.Kxg1 Qb4 39.h5 Bf8 40.Rd1 c4 41.Qa8 d5 42.bxc4 Qc5+ 43.Kh1 dxc4 44.Rg1 e4
45.Qxe4 Qc8 46.Qe6 Qxe6 47.fxe6 f5 48.h6 c3 49.Rc1 Bxh6 50.e7 Bxc1 51.e8=Q+ Kg7
52.Qe5+ Kg6 53.Qxc3 Bg5 54.Kg2 Bf6 55.Qc8 h5 56.Kf3  1-0

[Event "Mid America Class"]
[Site "Chicago"]
[Date "1993.??.??"]
[Round "5"]
[White "Karklins, Andrew"]
[Black "Basin, Leonid"]
[Result "1/2-1/2"]
[WhiteElo "2345"]
[BlackElo "2425"]

1.e4 c5 2.Nf3 d6 3.Bb5+ Bd7 4.Bc4 Nc6 5.Qe2 Nf6 6.h3 e6 7.c3 Qb6 8.Bb3 a5
9.Ba4 Be7 10.O-O O-O 11.b3 Qd8 12.Re1 d5 13.d3 h6 14.exd5 Nxd5 15.c4 Nb6
16.Bxc6 Bxc6 17.Bb2 Bf6 18.Ne5 a4 19.Nd2 Nxc4 20.Nf1 Nxb2 21.Nd2 Ra5 22.Rec1 Bf3
23.Rf1 Qb8 24.Rab1 Bxe5  1/2-1/2

[Event "Chisinau op"]
[Site "Chisinau"]
[Date "1993.??.??"]
[Round "?"]
[White "Iordachescu, Viorel"]
[Black "Nevednichy, Vladislav"]
[Result "1-0"]
[WhiteElo "2305"]
[BlackElo "2495"]

1.e4 c5 2.Nf3 d6 3.Bb5+ Nd7 4.O-O Nf6 5.Re1 a6 6.Bf1 b6 7.d4 cxd4 8.Nxd4 Bb7
9.f4 e6 10.c4 Be7 11.Nc3 Rc8 12.Be3 O-O 13.Rc1 Rc7 14.Qd2 Qb8 15.Kh1 Re8
16.Qf2 Rcc8 17.a3 Bd8 18.Qg1 Qa8 19.Bf2 h6 20.b4 Qb8 21.Nb3 g5 22.Rb1 b5
23.Ba7 Qa8 24.cxb5 Rxc3 25.bxa6 Bc8 26.Bd4 Rc2 27.b5 e5 28.Bd3 Ra2 29.Bb2 Bb6
30.Qf1 d5 31.Nc1 Rxb2 32.Rxb2 Nc5 33.exd5 Qxd5 34.Bc4 Qd4 35.Rb4 Qc3 36.Nb3 Nh5
37.Rc1 Qe3 38.Re1 Qxf4 39.Bd5 Qf6 40.Nxc5 Bxc5 41.Ra4 Nf4 42.Bc6 Re7 43.Rc1 Be3
44.Be4 Bf5 45.Rc6 Re6 46.Rxe6 Qxe6 47.Bxf5 Qxf5 48.a7  1-0

[Event "Copenhagen OBRO"]
[Site "Copenhagen"]
[Date "1993.??.??"]
[Round "3"]
[White "Swierczewski, Marek"]
[Black "Bang, Andreas"]
[Result "0-1"]
[WhiteElo "2220"]
[BlackElo "2305"]

1.e4 c5 2.Nf3 d6 3.Bb5+ Nd7 4.O-O a6 5.Bxd7+ Bxd7 6.c4 Nf6 7.Nc3 e6 8.d4 cxd4
9.Qxd4 Be7 10.Bg5 Bc6 11.Rfe1 O-O 12.Rad1 Qa5 13.Qd2 Kh8 14.Nd4 Rfd8 15.b3 Be8
16.a4 Rac8 17.Rc1 h6 18.Bf4 g5 19.Bg3 Nh5 20.Qe3 Nxg3 21.Qxg3 Bf6 22.Red1 Qb4
23.Nce2 b5 24.axb5 axb5 25.Nc2 Qa5 26.Ne3 Qa2 27.Qf3 Bg7 28.Ng3 Qxb3 29.Nh5 bxc4
30.Nxg7 Kxg7 31.Rxc4 Ba4 32.Rcd4 Rc3 33.Qh5 Rxe3  0-1